000 00549nam a2200217 a 4500
999 _c8891
_d8891
001 8891
003 BD-JhCC
005 20180305132405.0
008 171217s1966 bg a|||| ||aa 000 0 eng d
035 _a(BD-JhCC)8891
040 _aBD-JhCC
_dBD-JhCC
041 _aeng
082 _a530.72
_bISH 1966
100 _aIshaque, Md
245 _aHigher Secondary Practical Physics /
_cMd Ishaque
260 _aBogra :
_bMitali Publication
_c1966.
300 _a346 p. :
_c21 cm.
650 _aPhysics
942 _2ddc
_cBK